000 00932nam a2200301Ia 4500
001 1116
003 IT-RoPAU
008 130308s9999 xx 000 0 und d
040 _aIT-RoPAU
040 _cIT-RoPAU
041 _aFRANCESE
100 _aMariet Francois
100 _gCodice Aut. SPICS: 4161
245 _aSociologie des medias et des pratiques audio-visuelles
245 _bAudio-Visuel et Les Medias a L'Ecole Elementaire (L')
250 _a1a ed.
260 _aPARIS
260 _bColin Armand
260 _c1981 [1° Ed.:1981 - Ed.Ling.Originale:1981]
300 _a"9 p. (prefazione: no ; testo: 9 [pagine: 47-55])"
500 _aSociologia Cei Media e delle Pratiche Audiovisive Effetti dei Media Ideologie pedagogiche dell'Audiovisivo
650 _aPEDAGOGIA DELLA COMUNICAZIONE SOCIALE
650 _eCodice materia Spics: 3804
942 _cBK
957 _71
999 _c44090
_d44090
999 _bSI
999 _g1